| 000 | 00979nam0a22002771 4500 | ||
|---|---|---|---|
| 001 | rc\942227 | ||
| 005 | 20260407095855.0 | ||
| 035 | _a(NLR Aleph) 006114627 | ||
| 090 |
_a5395990 _c5395990 |
||
| 100 | _a20041129d1982 |||y0rusy50 ca | ||
| 101 | 0 | _arus | |
| 102 | _aRU | ||
| 105 | _aa ||||||||| | ||
| 200 | 1 |
_aИнструменты для высокоэффективного шлифования _eСб. науч. тр. ВНИИАШ _fВНИИ абразивов и шлифования |
|
| 210 |
_aЛ. _cВНИИАШ _d1982 |
||
| 215 |
_a65 с. _cил. _d21 |
||
| 300 | _aЗагл. обл.: Труды ВНИИАШ | ||
| 320 | _aБиблиогр. в конце работ | ||
| 500 | 1 | 0 | _aТруды |
| 512 | 0 | _aТруды ВНИИАШ | |
| 712 | 0 | 2 |
_aВНИИ абразивов и шлифования _cЛенинград _3RU\NLR\AUTH\889925506 _9346806 |
| 801 | 0 |
_aRU _bNLR _gpsbo |
|
| 801 | 1 |
_aRU _bELAR _2rusmarc |
|
| 852 |
_aNLR _j83-6/2466 |
||
| 942 | _cBOOK | ||
| 980 | _aNB | ||